000
00295nam a2200109Ia 4500
008
171211s9999 xx 000 0 und d
245
_a
Tropical Marine Fish Survival Manual
245
_c
Gordon Kay
260
_c
2012
650
_x
ANIMALS
856
_u
http://down.ebook777.com/055/1861556500.pdf
999
_c
348443
_d
348443